| 000 | 00468cam a2200169 4500 | ||
|---|---|---|---|
| 001 | D12440 | ||
| 008 | 090401t1919 xxu||||| |||| 00| 0 eng d | ||
| 035 | _a(Sirsi) u3536 | ||
| 041 | _aeng | ||
| 100 | _aColeman, Lieut-Col. T.E | ||
| 245 | _aNew standard building Prices for the use of architects, civil engineers, builders, contractors, etc... | ||
| 260 |
_aLondon _bE & F N Spon _c1919 |
||
| 350 | _a0 | ||
| 520 | _aShelf 152 | ||
| 942 | _n0 | ||
| 948 | _c04/03/1997 | ||
| 999 |
_c85898 _d85898 |
||